00596nam a2200217Ia 450000500170000000800410001708200130005810000140007124500150008526000350010030000130013565000140014865000180016265000150018065000210019565000120021665000300022894200060025895200990026499900150036320250325034258.0240331s9999 xx 000 0 und d bMEEa894 aMeera , C 0aSuyamvaram aShivagangaibAnam Veliduc1986 a146 p ., aKurunaval aMedai Nasagam aSirukadhai aKavithai Nadagam aKadurai aMolzhi peyaruppu kavithai cL 001040708LaWERCLbWERCLcSSCd2024-03-31l0o 894.811 MEEp2039r2024-03-31w2024-03-31yL c3991d3991